Európska identita - konceptuálne otázky a teoretické východiská
Identita ako kulturologická kategória. Národná identita. Budovanie identity. Vybrané aspekty európskej identity - kultúrna identita, inštrumentálna identita, občianska identita. Vývoj európskej identity závisí od cieľov stanovených politickými elitami, ich realizácie a ich súladu s vlastnými aspektm...
Salvato in:
| Autore principale: | |
|---|---|
| Natura: | Capitolo di libro |
| Lingua: | slovacco |
| Soggetti: | |
| Tags: |
Nessun Tag, puoi essere il primo ad aggiungerne!!
|
MARC
| LEADER | 00000nla$a2200000$$$4500 | ||
|---|---|---|---|
| 001 | 0127641 | ||
| 005 | 20240502072443.5 | ||
| 041 | 0 | |a slo | |
| 044 | |a SK | ||
| 245 | 1 | 0 | |a Európska identita - konceptuálne otázky a teoretické východiská |c Veronika Fodorová |
| 520 | |a Identita ako kulturologická kategória. Národná identita. Budovanie identity. Vybrané aspekty európskej identity - kultúrna identita, inštrumentálna identita, občianska identita. Vývoj európskej identity závisí od cieľov stanovených politickými elitami, ich realizácie a ich súladu s vlastnými aspektmi identity Európanov. | ||
| 610 | 2 | 0 | |a identita |
| 610 | 2 | 0 | |a národ |
| 610 | 2 | 0 | |a kultúra |
| 610 | 2 | 0 | |a Európa |
| 100 | 1 | |a Fodorová, Veronika | |